Rośliny - zakres wojewódzkiego konkursu kuratoryjnego - Statystyki

Ogólne statystyki
  • Ten quiz został rozwiązany 28 razy
  • Średni wynik to 33 z 74
Statystyki odpowiedzi
Obrazkowy Odpowiedź % Poprawnych
mniszek
80%
kukurydza
73%
jodła pospolita
67%
skrzyp
67%
sosna zwyczajna
67%
świerk pospolity
67%
babka lancetowata
60%
bez czarny
60%
cis
60%
dąb czerwony
60%
jałowiec
60%
konwalia majowa
60%
borowik szlachetny
53%
chaber bławatek
53%
jasnota biała
53%
jęczmień
53%
kosodrzewina
53%
krwawnik
53%
mlecz
53%
paprotka
53%
pióropusznik strusi
53%
szczawik zajęczy
53%
torfowiec
53%
widłak
53%
czubajka kania
47%
kosaciec żółty
47%
lilia złotogłów
47%
maślak
47%
miłorząb japoński
47%
modrzew europejski
47%
pieprznik jadalny
47%
płonnik
47%
rosiczka okrągłolistna
47%
rzepak
47%
żyto
47%
borowik szatański
40%
cykoria podróżnik
40%
czosnek niedźwiedzi
40%
fiołek leśny
40%
firletka poszarpana
40%
grążel żółty
40%
koniczyna biała
40%
konwalijka dwulistna
40%
koźlarz babka
40%
len
40%
obuwik
40%
orlica pospolita
40%
podgrzybek brunatny
40%
przylaszczka pospolita
40%
sosna limba
40%
sosna wejmutka
40%
wrotycz
40%
zawilec gajowy
40%
zawilec żółty
40%
ziarnopłon wiosenny
40%
chrobotek reniferowy
33%
czernidłak kołpakowaty
33%
grzybienie białe
33%
kuklik zwisły
33%
muchomor sromotnikowy
33%
naparstnica purpurowa
33%
nawłoć
33%
niecierpek
33%
owies
33%
podkolan biały
33%
barwinek
27%
brodaczka
27%
długosz królewski
27%
koniczyna łąkowa
27%
rzęsa drobna
27%
salwinia
27%
sromotnik bezwstydny
27%
czarka szkarłatna
20%
pierwiosnka lekarska
20%
Nie znaleziono quizów pasujących do podanych kryteriów
Rozkład punktacji
Procent ludzi z każdym wynikiem
Percentyl według liczby udzielonych odpowiedzi
Twoja historia wyników
Nie rozwiązałeś tego quizu